ბათუმის შოთა რუსთაველის სახელმწიფო უნივერსიტეტის ბიბლიოთეკა

ბავშვთა საკითხების გაშუქება მედიაში : (ბიბ.ჩანაწერი № 56750)

000 -ლიდერი
ფიქსირებული სიგრძის საკონტროლო ველი 01236nam a22002177a 4500
003 - საკონტროლო ნომრის იდენტიფიკატორი
საკონტროლო ველი Ge_BSU
005 - ბოლო ოპერაციის თარიღი და დრო
საკონტროლო ველი 20190421020019.0
008 - ფიქსირებული სიგრძის მონაცემთა ელემენტები - ზოგადი ინფორმაცია
ფიქსირებული სიგრძის საკონტროლო ველი 190416s2008 ge gg||||| |||| 00| 0 geo d
020 ## - წიგნის საერთაშორისო სტანდარტული ნომერი
International Standard Book Number 9789941130168
041 ## - ენის კოდი
Language code of text/sound track or separate title geo
080 ## - უნივერსალური ათობითი კლასიფიკაციის ინდექსი
Universal Decimal Classification number 342.726-053.2(479.22)(075.8)
245 ## - ცნობა სათაურის შესახებ
Title ბავშვთა საკითხების გაშუქება მედიაში :
Remainder of title სახელმძღვანელო სტუდენტებისათვის /
Statement of responsibility, etc წინასიტყვ ავტ. დავით პაიჭაძე ; Unicef for children.
260 ## - გამოქვეყნების, გავრცელების, და სხვა. ცნობები
Place of publication, distribution, etc თბილისი :
Name of publisher, distributor, etc თბილ. უნ-ტის გამ-ბა,
Date of publication, distribution, etc 2008.
300 ## - ფიზიკური აღწერა
Extent 84 გვ. ;
Dimensions 29 სმ,
Accompanying material +1 მაგალითების სახელმძღვანელო.
653 ## - INDEX TERM--UNCONTROLLED
Uncontrolled term ბავშვთა უფლებების დაცვა საქართველოში
653 ## - INDEX TERM--UNCONTROLLED
Uncontrolled term ბავშვთა სოციალური დაცვა
653 ## - INDEX TERM--UNCONTROLLED
Uncontrolled term ქართული მედია
700 ## - ADDED ENTRY--PERSONAL NAME
Personal name დავით პაიჭაძე
9 (RLIN) 202
Relator term წინასიტყვაობის ავტორი
710 ## - ADDED ENTRY--CORPORATE NAME
9 (RLIN) 200
Corporate name or jurisdiction name as entry element Unicef for children
942 ## - ADDED ENTRY ELEMENTS (KOHA)
Source of classification or shelving scheme
Koha item type წიგნი
ეგზემპლარები
ჩამოწერის სტატუსი დაკარგული ეგზემპლარის სტატუსი კლასიფიკაციის წყარო ან თაროზე გაწყობის სქემა დაზიანების სტატუსი არ გაიცემა მუდმივი მდებარეობა (დაცვის ადგილი) ამჟამინდელი ადგილსამყოფელი თაროზე განთავსების ადგილი შეძენის თარიღი ღირებულება, შესყიდვის ნორმალური ფასი ინვენტარის ნომერი სრული შენახვის შიფრი შტრიხკოდი ბოლო ოპერაციის თარიღი ფასის ძალაში შესვლის თარიღი ეგზემპლარის სახეობა საჯარო შენიშვნა ეგზემპლარის მიმდევრობითი ნომერი (კეტერი?)
          ბათუმის შოთა რუსთაველის სახელმწიფო უნივერსიტეტის მთავარი ბიბლიოთეკა ბათუმის შოთა რუსთაველის სახელმწიფო უნივერსიტეტის მთავარი ბიბლიოთეკა წიგნსაცავი 2019-04-16 9.00 29052 342.726-053.2(479.22)(075.8) ბ-16 29062 2019-04-16 2019-04-16 წიგნი 9 ლ  
          ბათუმის შოთა რუსთაველის სახელმწიფო უნივერსიტეტის მთავარი ბიბლიოთეკა ბათუმის შოთა რუსთაველის სახელმწიფო უნივერსიტეტის მთავარი ბიბლიოთეკა წიგნსაცავი 2019-04-16 7.00 29061 342.726-053.2(479.22)(075.8) ბ-15 29061 2019-04-16 2019-04-16 წიგნი 7ლ. 29061
          ბათუმის შოთა რუსთაველის სახელმწიფო უნივერსიტეტის მთავარი ბიბლიოთეკა ბათუმის შოთა რუსთაველის სახელმწიფო უნივერსიტეტის მთავარი ბიბლიოთეკა წიგნსაცავი 2019-04-16 7.00 29060 342.726-053.2(479.22)(075.8) ბ-15 29060 2019-04-16 2019-04-16 წიგნი 7ლ.  
          ბათუმის შოთა რუსთაველის სახელმწიფო უნივერსიტეტის მთავარი ბიბლიოთეკა ბათუმის შოთა რუსთაველის სახელმწიფო უნივერსიტეტის მთავარი ბიბლიოთეკა წიგნსაცავი 2019-04-16 9.00 29063 342.726-053.2(479.22)(075.8) მ-16 29063 2019-04-16 2019-04-16 წიგნი 9 ლ. 29063
          ბათუმის შოთა რუსთაველის სახელმწიფო უნივერსიტეტის მთავარი ბიბლიოთეკა ბათუმის შოთა რუსთაველის სახელმწიფო უნივერსიტეტის მთავარი ბიბლიოთეკა წიგნსაცავი 2019-04-16 9.00 29064 342.726-053.2(479.22)(075.8) 29064 2019-04-16 2019-04-16 წიგნი 9 ლ.